000 00680nam a2200217Ia 4500
003 GCL
008 140319s9999 xx 000 0 ara d
040 _aGCL /
_cGCL
082 0 4 _a398.538
_bص م
100 1 _aصفوت كمال
245 1 0 _aمدخل لدراسة الفولكلور الكويتى /
_cصفوت كمال
260 _a[S.N] :
_bوزارة الاعلام الهيئة العامة للاستعلامات ،
_c1986
300 _a334
490 _a
650 0 4 _aالكويت
650 0 4 _aالفولكلور
650 0 4 _aالمهرجانات الشعبية
650 0 4 _aالالغاز
650 0 4 _aالفويكاور الكويتى
942 _2ddc
_cBK
999 _c58933
_d58933